| 000 | 00477nam a2200181Ia 4500 | ||
|---|---|---|---|
| 008 | 180207s9999 xx 000 0 und d | ||
| 020 | _a9780603565618 | ||
| 050 | _bM659 1995 | ||
| 100 | _aMilne, A. A. | ||
| 245 | _aEeyore losse a tail / | ||
| 245 | _cby A. A. Milne with decorations by Ernest H. Shepard. | ||
| 260 | _aNew York : | ||
| 260 | _bDutton Children's Books, | ||
| 260 | _c1995 | ||
| 300 | _aunpaged : | ||
| 300 | _bcolor illustration ; | ||
| 300 | _c19cm. | ||
| 999 |
_c355525 _d355525 |
||